Feeling and form : a theory of art developed from philosophy in a new key /

Guardado en:
Autor Principal: Langer, Susanne K.
Formato: Libro
Publicado: London : Routledge & Kegan Paul, 1967
Materias:
Etiquetas: Agregar Etiqueta
Sin Etiquetas, Sea el primero en etiquetar este registro!
LEADER 00580nam a22001695a 4500
001 EHU.bham005707
003 AR-BHAM
005 20090430111035.0
008 130507s1967##################000#0#####d
082 7 0 |a 701 
100 1 |a Langer, Susanne K. 
245 1 0 |a Feeling and form :  |b a theory of art developed from philosophy in a new key /  |c Susanne K. Langer. 
260 |a London :  |b Routledge & Kegan Paul,  |c 1967 
300 |a 431 p. 
653 |a Arte-filosofia del 
653 |a Libro de escasa demanda 
859 |a AR-BHAM  |b BIB. HUMANIDADES - Lectura de escasa demanda  |h 701  |i L262  |p 65.70  |t Ej.1  |v LED1117